000 01421cam a2200217 4500
001 WB3908-03
008 030227n2003 000 0 eng u
035 _a(Sirsi) u121451
245 _aLondon tender prices 25% higher than national average
260 _c2003
490 _aBCIS Press Release
_v March 2003 (3)
520 _aThe latest BCIS "Study of pricing adjustment factors" demonstrates significant variation in construction tender prices throughout the UK. Location is not the only consideration as differences in size and type of contract, type of work and building size and function also need to be taken into account and are included in this survey. The study forms part of the BCIS "Surveys of tender prices", which also includes an update of the "Tender price index", the "Contract percentages study", the "Study of average £/m squared prices" and "Functional prices". Map. The "Study of pricing adjustment factors" is available as part of the BCIS subscription service or individual copies may be purchased at £95 each. The information is also available on the BCIS "Online" Service. Further information is obtainable from Peter Rumble t +44 (0)20 7695 1500 or [email protected] BCIS website http://www.bcis.co.uk/.
590 _aWB
650 _aTENDERS
650 _aBCIS
650 _aBCIS
650 _aPRELIMINARIES
650 _aTENDERING
690 _aBUILT ENVIRONMENT
942 _n0
999 _c72172
_d72172